El Pentateuco, un filón inagotable: problemas de composición y de interpretación. Aspectos literarios y teológicos
Saved in:
| 主要作者: | |
|---|---|
| 格式: | 圖書 |
| 語言: | 西班牙语 |
| 出版: |
Pamplona
Verbo Divino
2015
|
| 版: | 1a. ed |
| 叢編: | Estudios Bíblicos, 53
|
| 主題: | |
| 標簽: |
添加標簽
沒有標簽, 成為第一個標記此記錄!
|
MARC
| LEADER | 00000cam a2200000 a 4500 | ||
|---|---|---|---|
| 001 | UCD0144 | ||
| 003 | CL-VaPUC | ||
| 008 | 151120e20150000sp |||||||||||||||||spa|d | ||
| 020 | |a 9788490731017 | ||
| 082 | 0 | 4 | |a 222.1 |b SKA |2 21 |
| 100 | 0 | |a Ska, Jean-Louis |e author |9 583159 | |
| 245 | 1 | 3 | |a El Pentateuco, un filón inagotable: problemas de composición y de interpretación. Aspectos literarios y teológicos |
| 250 | |a 1a. ed | ||
| 300 | |a 302 p | ||
| 942 | |c BK | ||
| 945 | |d 20151120 13:39:00 |a dcastane | ||
| 260 | |a Pamplona |b Verbo Divino |c 2015 | ||
| 650 | 0 | |a Biblia |9 257603 | |
| 650 | 0 | |a Antiguo testamento |9 313678 | |
| 650 | 0 | |a Pentateuco |9 314343 | |
| 583 | |a last modification |c 20151120 13:39:00 |k Rodrigo Vera | ||
| 490 | 0 | |a Estudios Bíblicos, 53 | |
| 999 | |c 361765 |d 361763 | ||
| 952 | |0 0 |1 0 |3 erb |4 0 |6 222_100000000000000_SKA_2015 |7 0 |8 A |9 472414 |a BIBTEO |b BIBTEO |i 5250560 |o 222.1 SKA 2015 |p 5250560 |r 2025-01-17 |w 2019-11-24 |y BK |z Catalogado en:20151120 |k ICR | ||
| 952 | |0 0 |1 0 |3 erb |4 0 |6 222_100000000000000_SKA_2015 |7 0 |8 A |9 472415 |a BIBTEO |b BIBTEO |i 526023K |o 222.1 SKA 2015 |p 526023K |r 2025-01-17 |w 2019-11-24 |y BK |z Catalogado en:20160107 |k ICR | ||